| 000 | 00446nam a2200193Ia 4500 | ||
|---|---|---|---|
| 008 | 170918s9999 xx 000 0 und d | ||
| 020 | _a9780439773683 | ||
| 050 | _bF837 2003 | ||
| 100 | _aFranzee, Marla | ||
| 245 | _aRoller coaster / | ||
| 245 | _cby Marla Frazee. | ||
| 260 | _aNew York : | ||
| 260 | _bScholastic, | ||
| 260 | _c2003 | ||
| 300 | _aunpaged : | ||
| 300 | _bcolored illustration ; | ||
| 300 | _c23cm. | ||
| 500 | _a490 | ||
| 999 |
_c342834 _d342834 |
||